banner-ar

WINDOWS 95 SECRETS / (Record no. 13452)

MARC details
000 -الفاتح
حقل البيانات ثابتة الطول 00511nam a2200193Ia 4500
008 - عناصر البيانات ثابتة الطول - معلومات عامة
حقل البيانات ثابتة الطول 140319s9999 xx 000 0 eng d
040 ## - مصدر الفهرسة
وكالة الفهرسة الأصلية GCL /
وكالة النسخ GCL
082 04 - رقم تصنيف ديوى العشرى
رقم التصنيف 005.43
رقم المادة L W
100 1# - المدخل الرئيسى - إسم شخصى
الإسم الشخصى LIVINGSTON, BRIAN
245 10 - بيان العنوان
العنوان WINDOWS 95 SECRETS /
بيان المسئوليه,etc LIVINGSTON, BRIAN
700 1# - المدخل الاضافى - اسم شخصى
الإسم الشخصى STRAUB, DAVIS
250 ## - بيان الطبعة
بيان الطبعة 3RD
260 ## - PUBLICATION, DISTRIBUTION, ETC. (IMPRINT)
تاريخ النشر أو التوزيع 1995
300 ## - الوصف المادى
التعداد 942 P ؛
أبعاد الوعاء 22 cm.
650 04 - المدخل الاضافى بالموضوع-مصطلح موضوعى
مصطلح موضوعي WINDOWS 95
650 04 - المدخل الاضافى بالموضوع-مصطلح موضوعى
مصطلح موضوعي WINDOWS PROGRAM
942 ## - عناصر المدخل الإضافي( كوها)
مصدر التصنيف او مخطط الترفيف Dewey Decimal Classification
Koha [default] item type كتاب
260 ## - PUBLICATION, DISTRIBUTION, ETC. (IMPRINT)
-- نيويورك :
-- I D G BOOKS WORLD WIDE, INC ،
Holdings
حالة التراجع حالة الفقد حالة تلف ليس للاعارة المكان المؤقت الموقع الحالى تاريخ الاكتساب اجمالي اﻻعارات رقم الطلب الباركود تاريخ اخر مشاهدة تاريخ تفعيل السعر نوع وعاء كوها
        مكتبة القاهرة الكبرى مكتبة القاهرة الكبرى 03/26/2014   005.43\L W 25734 03/26/2014 03/26/2014 كتاب
        مكتبة القاهرة الكبرى مكتبة القاهرة الكبرى 03/26/2014   005.43\L W 25735 03/26/2014 03/26/2014 كتاب

Powered By

EGPV